| Поле | Название | Значение |
| |
Тип записи |
a |
| |
Библиографический уровень |
m |
| 001 |
Контрольный номер |
RU/IS/BASE/441294464 |
| 005 |
Дата корректировки |
20240209174511.0 |
| 010 |
Индекс ISBN |
__ |
| a |
ISBN |
978-5-905626-69-2 |
| b |
Уточнения |
в пер. |
| d |
Цена |
80 р. 00 к. |
| 9 |
Тираж |
1 000 экз. |
| 100 |
Данные общей обработки |
__ |
| a |
Данные общей обработки |
20131225d2013 ||| 0rusy0189 ca |
| 101 |
Язык документа |
0_ |
| a |
Язык текста |
rus |
| 102 |
Страна публикации |
__ |
| a |
Страна публикации |
RU |
| 105 |
Кодированные данные (монография) |
__ |
| a |
Кодированные данные (монография) |
y###||||000|y |
| 200 |
Заглавие и сведения об ответственности |
1_ |
| a |
Заглавие |
Двадцатый век. Изгнанники |
| b |
Общее обозначение материала |
Текст |
| e |
Сведения, относящиеся к заглавию |
[романы] |
| e |
Сведения, относящиеся к заглавию |
пер. с болг. |
| f |
Первые сведения об ответственности |
А. Р. Вагенштайн |
| g |
Последующие сведения об ответственности |
предисл. Н. Инджова |
| 210 |
Выходные данные |
1_ |
| a |
Место издания |
Москва |
| c |
Издательство |
Центр книги Рудомино |
| d |
Дата издания |
2013 |
| 215 |
Физическое описание |
__ |
| a |
Объем |
782, [1] с. |
| d |
Формат |
21,5 см. |
| 225 |
Серия |
0_ |
| a |
Серия |
Новый болгарский роман |
| 300 |
Общие примечания |
__ |
| a |
Общие примечания |
Ограничения по возрасту - 16+ |
| 300 |
Общие примечания |
__ |
| a |
Общие примечания |
Содерж. : Пятикнижие Исааково ; Вдали от Толедо (Жизнь Аврама Гуляки) ; Прощай, Шанхай! |
| 300 |
Общие примечания |
__ |
| a |
Общие примечания |
Автор - Лауреат премии им. Ж. Моне |
| 606 |
Тематические рубрики |
0_ |
| a |
Основная рубрика |
Болгарская литература, 20-21 вв. - Проза |
| 610 |
Ключевые слова |
0_ |
| a |
Ключевые слова |
романы зарубежные |
| a |
Ключевые слова |
антифашизм |
| a |
Ключевые слова |
судьбы людские |
| a |
Ключевые слова |
нацизм |
| a |
Ключевые слова |
евреи |
| a |
Ключевые слова |
страдания |
| a |
Ключевые слова |
изгнания |
| a |
Ключевые слова |
трагедии |
| 686 |
Индексы других классификаций |
__ |
| a |
Классификационный индекс |
84(4Бол) |
| 2 |
Код системы |
ББК |
| 700 |
Автор |
_0 |
| a |
Фамилия |
Вагенштайн |
| b |
Имя (инициалы) |
Анжел Раймонд |
| g |
Полное личное имя |
А. Р. |
| 801 |
Источник записи |
_0 |
| a |
Страна |
RU |
| b |
Организация |
МБУК ЦБС г. Ульяновска |
| c |
Дата составления |
20131225 |
| g |
Правила каталогизации |
RCR |
| 801 |
Источник записи |
_1 |
| a |
Страна |
RU |
| b |
Организация |
МБУК ЦБС г. Ульяновска |
| c |
Дата составления |
20131225 |
| g |
Правила каталогизации |
RCR |
| 899 |
Данные о местонахождении |
__ |
| i |
Авторский знак |
В 12 |
| j |
Расстановочный фильтр |
И(Болг) |
| 901 |
Тип документа |
__ |
| t |
Тип документа |
m |
| 910 |
Корректоры записи |
__ |
| a |
Корректор записи |
Хисамова |